| 000 | 00508nam a2200193Ia 4500 | ||
|---|---|---|---|
| 005 | 20250603145650.0 | ||
| 008 | 250603s9999 xx 000 0 und d | ||
| 020 | _a9789785024876 | ||
| 050 | _aJA 71.7 .E54/ | ||
| 100 | _aEneanya, Augustine Nduka | ||
| 245 | 0 | _aResearch methods in political science and public administration | |
| 250 | _a1st ed. | ||
| 260 | _aLagos | ||
| 260 | _bUniversity of Lagos Press and Bookshop Ltd. | ||
| 260 | _c2012 | ||
| 300 | _a565 p | ||
| 650 | _aLagos | ||
| 942 | _cBK | ||
| 999 |
_c42501 _d42501 |
||